| 000 | 00403nam a22001577a 4500 | ||
|---|---|---|---|
| 005 | 20260228115526.0 | ||
| 008 | 260226b |||||||| |||| 00| 0 eng d | ||
| 041 | _aeng | ||
| 082 | _a609.54-BAG-H | ||
| 100 |
_aBAG, A.K _98865 |
||
| 245 | _aHISTORY OF TECHNOLOGY IN INDIA- VOL- I | ||
| 260 |
_aNEW DELHI _bINDIAN NATIONAL SCIENCE ACADEMY _c1997 |
||
| 300 | _a717;p | ||
| 650 |
_aBGP _98859 |
||
| 942 | _cBK | ||
| 999 |
_c9040 _d9038 |
||